000 00588cam a2200181 a 4500
020 _a0471539155 (cloth : acidfree paper)
082 0 0 _a624.183412
_bGER
100 1 _aGerwick, Ben C.
_937773
245 1 0 _aConstruction of prestressed concrete structures /
_cBen C. Gerwick, Jr.
250 _a2nd ed.
260 _aNew York :
_bWiley,
_cc1993.
300 _axxi, 591 p. :
_bill. ;
_c25 cm.
500 _a"A Wiley Interscience publication."
526 _a0
_b0
_c0
_d624_183412000000000_GER
650 0 _aMCE
_9379
650 0 _aPrestressed concrete construction.
_920245
942 _2ddc
_cBK
999 _c542559
_d542559